000 00408cam a22001097a 4500
008 180718b1937 xxu||||| |||| 00| 0 eng d
082 _aZ442x54 R311a
245 _aStatutory report, Agricultural Credit Department, Maharashtra
_cby Agricultural Credit Department, Maharashtra
260 _aBombay
_bAgricultural Credit Department
_c1937
300 _a71+p.
700 _aMaharashtra. Agricultural Credit Department
999 _c427313
_d427313